[Event "Another standard tournament"]
[Site "SchemingMind.com"]
[Date "2004.12.09"]
[Round "-"]
[White "rabbit"]
[Black "spoke"]
[Result "1/2-1/2"]
[WhiteCountry "USA"]
[BlackCountry "GER"]
[WhiteElo "1743"]
[WhiteRD "150"]
[BlackElo "1757"]
[BlackRD "65"]
[GameID "6040"]

1. e4 e5 2. Nf3 Nc6 3. d4 exd4 4. Nxd4 Qf6 5. Nf3 Bc5 6. Nc3 Nge7 7. Bg5 Qg6 8. Bd3 f6 9. e5 Qf7 10. exf6 gxf6
11. Be3 Bxe3 12. fxe3 d6 13. O-O Bg4 14. h3 Bxf3 15. Qxf3 Ne5 16. Qxf6 Qxf6 17. Rxf6 Nxd3 18. cxd3 Rf8 19. Raf1 Rxf6 20. Rxf6 Ng6
21. Nb5 Ke7 22. Rf5 c6 23. Nd4 Rf8 24. g4 Rxf5 25. Nxf5+ Ke6 26. Ng7+ Kd5 27. Ne8 Ke6 28. d4 c5 29. dxc5 dxc5 30. Kf2 Ke5
31. g5 Kf5 32. Nd6+ Kxg5 33. Nxb7 c4 34. Kg3 Ne5 35. Nc5 Nd3 36. Nxd3 cxd3 37. Kf3 Kf5 38. e4+ Ke5 39. Ke3 d2 40. Kxd2 Kxe4
41. Kc3 Kf4 42. Kd4 h5 43. b4 Kg3 44. a4 Kxh3 45. b5 h4 46. a5 Kg2 47. b6 axb6 48. axb6 h3 49. b7 h2=
1/2-1/2